|
|
|
|
| LEADER |
00000nam a2200000Ii 4500 |
| 001 |
DIGCARPAR0011 |
| 003 |
NyNyDIG |
| 006 |
m o d |
| 007 |
cr ||||||||||| |
| 008 |
220803s2021 gt a ob 000 0 spa d |
| 035 |
|
|
|a (OCoLC)1338645153
|
| 040 |
|
|
|a DGITA
|b eng
|e rda
|e pn
|c DGITA
|
| 020 |
|
|
|a 9789929543522
|q edición digital
|q ePub
|
| 020 |
|
|
|a 9789929543539
|q edición digital
|q pdf
|
| 050 |
1 |
4 |
|a TH3351 ebook
|
| 082 |
0 |
4 |
|a 690.24
|
| 245 |
0 |
0 |
|a Prácticas sostenibles para la operación y mantenimiento de edificios :
|b caso de estudio : Edificio O, Campus Central, Universidad Rafael Landívar /
|c coordinación general del documento, Mgtr. América Alonso Ramírez.
|
| 264 |
|
1 |
|a Ciudad de Guatemala, Guatemala :
|b Editorial Cara Parens de la Universidad Rafael Landívar,
|c 2021.
|
| 300 |
|
|
|a 1 online resource :
|b illustrations.
|
| 336 |
|
|
|a text
|b txt
|2 rdacontent
|
| 337 |
|
|
|a computer
|b c
|2 rdamedia
|
| 338 |
|
|
|a online resource
|b cr
|2 rdacarrier
|
| 347 |
|
|
|a text file
|2 rdaft
|
| 347 |
|
|
|b EPUB
|
| 347 |
|
|
|b PDF
|
| 500 |
|
|
|a "indis, Instituto de Investigación y Estudios Superiores en Arquitectura y Diseño; VRIP"--Cover.
|
| 504 |
|
|
|a Includes bibliographical references.
|
| 588 |
0 |
|
|a Online resource; title from ePub title page (Digitalia, viewed August 3, 2022)
|
| 650 |
|
0 |
|a Sustainable buildings.
|
| 650 |
|
0 |
|a Buildings
|x Maintenance.
|
| 655 |
|
0 |
|a Electronic books.
|
| 700 |
1 |
|
|a Alonso Ramírez, América,
|e editor.
|
| 791 |
2 |
|
|a Digitalia (Firm),
|e distributor.
|
| 793 |
0 |
|
|g Digitalia eBook Collection:
|a Editorial Cara Parens
|
| 856 |
4 |
0 |
|3 Digitalia Hispánica
|u https://www.digitaliapublishing.com/a/111227/
|
| 910 |
|
|
|a Premium collection: 2022
|